000 00556nam a2200229Ia 4500
005 20250425160654.0
008 250425s9999 xx 000 0 und d
020 _a9681644476
041 _aspa
082 _a338.09
110 _aCENTRO DE ESTUDIOS ESTRATEGICOS
245 0 _aENTENDIENDO EL TLC
250 _a1A ED.
260 _aMEXICO
260 _aMéxico
_bFONDO DE CULTURA ECONOMICA
_c1995
300 _a238
650 _aDESARROLLO ECONOMICO
650 _aECONOMIA
650 _aINTEGRACION ECONOMICA
942 _c01
010 _a1953
999 _c193822
_d193822